000
00297nam a2200109Ia 4500
001
1276093
005
20260417160440.0
008
260417s9999 xx 000 0 und d
020
_a
9786256309937
245
0
_a
Denge ve Asa Yedi Gök Seyyahları
_c
Elif Canıbek Kesikoğlu
260
_b
Ketebe Genç
999
_c
1276093
_d
1276093